Most Populated Cities Ending In.... - Statistics

General Stats
  • This quiz has been taken 29 times
  • The average score is 5 of 10
Answer Stats
Ending Answer % Correct
Bul Istanbul
93%
City Mexico
89%
Don London
85%
Ing Beijing
67%
Burg St Petersburg
63%
Ota Bogota
56%
Asa Kinshasa
52%
Rne Melbourne
22%
Ria Alexandria
15%
Dor Salvador
7%
No matching quizzes found
Score Distribution
Percent of People with Each Score
Percentile by Number Answered
Your Score History
You have not taken this quiz